Statistieken voor Kaart van Canada Quiz

Klik hier om de quiz te nemen!

Algemene statistieken

  • Deze quiz is 503 keer genomen
  • De gemiddelde score is 9 van 13

Antwoorden op de kaart

Antwoorden kleurgecodeerd door een groen-rode schaal op de quizkaart volgens % correct hieronder.
Laden...
 

Antwoordstatistieken

Antwoord% Correct
Quebec
88%
Brits-Columbia
78%
Ontario
77%
Prince Edwardeiland
77%
Newfoundland en
Labrador
75%
Northwest Territories
74%
Alberta
70%
Nunavut
65%
Manitoba
64%
Yukon
60%
Nova Scotia
59%
New Brunswick
56%
Saskatchewan
55%

Scoreverdeling

Percentiel versus Aantal Correcte Antwoorden

Procent van Mensen met Elke Score

Uw Scoregeschiedenis

U heeft deze quiz nog niet genomen